Catálogo

TECNICAS DE PREDICCION USUALES EN : (Registro nro. 17065)

Detalles MARC
000 -LEADER
fixed length control field 00531nam a2200193 a 4500
001 - CONTROL NUMBER
control field 17065
005 - DATE AND TIME OF LATEST TRANSACTION
control field 20180713210143.0
008 - FIXED-LENGTH DATA ELEMENTS--GENERAL INFORMATION
fixed length control field 140415s1982 mx 000 0 spa d
020 ## - INTERNATIONAL STANDARD BOOK NUMBER
International Standard Book Number 9688010235
041 ## - LANGUAGE CODE
Language code of text/sound track or separate title spa
082 ## - DEWEY DECIMAL CLASSIFICATION NUMBER
Classification number 378.007
Item number EST
100 1# - MAIN ENTRY--PERSONAL NAME
Personal name ESTEVA, JOSE ANTONIO
245 10 - TITLE STATEMENT
Title TECNICAS DE PREDICCION USUALES EN :
Remainder of title PROSPECTIVA Y EN PLANEACION
250 ## - EDITION STATEMENT
Edition statement 1a ed.
260 ## - PUBLICATION, DISTRIBUTION, ETC.
Place of publication, distribution, etc. MEXICO :
Name of publisher, distributor, etc. ANUIES,
Date of publication, distribution, etc. 1982
300 ## - PHYSICAL DESCRIPTION
Extent 33
490 ## - SERIES STATEMENT
Series statement TEMAS DE PLANEACION
Volume/sequential designation 5
650 14 - SUBJECT ADDED ENTRY--TOPICAL TERM
Topical term or geographic name entry element INVESTIGACION EDUCATIVA
Existencias
Withdrawn status Lost status Source of classification or shelving scheme Damaged status Not for loan Collection code Home library Current library Shelving location Date acquired Source of acquisition Total Checkouts Full call number Barcode Price effective from Koha item type
    Dewey Decimal Classification   Consulta en sala Referencia Biblioteca Karol Wojtyla Biblioteca Karol Wojtyla Referencia 03/12/2013 Compra   378.007 EST 35186 03/12/2013 Folleto